LEADER 00841nam a2200253 i 4500 001 991003193389707536 005 20020509113818.0 008 010704s1983 uk ||| | eng 035 $ab11123254-39ule_inst 035 $aPARLA176953$9ExL 040 $aDip.to Filosofia$bita 082 0 $a193 100 1 $aSinger, Peter$0144360 245 10$aHegel /$cPeter Singer 260 $aOxford ; New York :$bOxford University Press,$c1983 300 $aIX, 97 p. ;$c23 cm. 490 0 $aPast masters 650 4$aHegel, Georg Wilhelm Friedrich 907 $a.b11123254$b23-02-17$c28-06-02 912 $a991003193389707536 945 $aLE005IF XXXVIII D 9$g1$iLE005IFA-16947$lle005$o-$pE0.00$q-$rl$s- $t0$u0$v0$w0$x0$y.i11261286$z28-06-02 996 $aHegel$9858378 997 $aUNISALENTO 998 $ale005$b01-01-01$cm$da $e-$feng$guk $h0$i1 LEADER 01679 am 22004213u 450 001 9910765820803321 005 20221206095625.0 024 7 $a10.26530/OAPEN_459281 035 $a(CKB)2670000000409950 035 $a(OAPEN)459281 035 $a(EXLCZ)992670000000409950 100 $a20131111d2005 uy 101 0 $aeng 135 $aurmu#---|uuuu 181 $ctxt$2rdacontent 182 $cc$2rdamedia 183 $acr$2rdacarrier 200 00$aIn the service of the company $eletters of Sir Edward Parry, Commissioner to the Australian Agricultural Company$hVolume 1$iDecember 1829 - June 1832 /$fedited by Noel Butlin Archives Centre, the Australian National University 210 $aCanberra $cANU Press$d2005 215 $a1 online resource (471 pages) 311 08$aPrint version: In the service of the company. Volume I, December 1829 - June 1832. Canberra, Australia : ANU E Press, ©2005 xiv, 453 pages 9781920942281 320 $aIncludes index. 327 $t1832, letters No 637 -- 764 --$t1833, letters No 765 -- 1,048 --$t1834, letters No 1,049 -- 1,107. 330 $aAustralian agricultural company; Archives; Correspondence; Pioneers; History; Australia 606 $aPioneers$zAustralia$vCorrespondence 606 $aPioneers$2fast$3(OCoLC)fst01064447 606 $aHistory$2bicssc 607 $aAustralia$2fast 615 0$aPioneers 615 7$aPioneers. 615 7$aHistory 676 $a994.02092 712 02$aNoel Butlin Archives Centre (Australian National University) 801 2$bUkMaJRU 906 $aBOOK 912 $a9910765820803321 996 $aIn the service of the Company$93086306 997 $aUNINA